Jornadas chilenas de derecho público: trabajos y conclusiones
Na minha lista:
| Formato: | Livro |
|---|---|
| Idioma: | espanhol |
| Publicado em: |
Santiago
Jurídica de Chile
1966
|
| Assuntos: | |
| Tags: |
Adicionar Tag
Sem tags, seja o primeiro a adicionar uma tag!
|
MARC
| LEADER | 00000nam a2200000 a 4500 | ||
|---|---|---|---|
| 001 | UCU9159 | ||
| 003 | CL-VaPUC | ||
| 005 | 20230811111756.0 | ||
| 008 | 960809e19660000cl 1 spa d | ||
| 999 | |c 382717 |d 382715 | ||
| 040 | |c Pontificia Universidad Católica de Valparaíso | ||
| 082 | 0 | 4 | |a 342.83 |b JOR |2 21 |
| 245 | 1 | 0 | |a Jornadas chilenas de derecho público: trabajos y conclusiones |
| 260 | |a Santiago |b Jurídica de Chile |c 1966 | ||
| 300 | |a 251 p | ||
| 505 | |a Algunas notas acerca del aporte de la sociología en el estudio del cambio de las instituciones políticas/Mario Cerda Medina Notas sobre el plebiscito/Pedro Lira Urquieta Notas para la reforma del proceso de formación de las leyes/Alejandro Silva Bascuñán Norma de clausura, ley de bases y delegaciones de facultades legislativas/Jorge Tapia V. "Validez de los contratos-leyes". Legislación y jurisprudencia/Jaime Irarrázabal Covarrubias Alternativas de reforma del sistema de franquicias tributarias vigente/Enrique Piedrabuena y Arnaldo Gorziglia Proposición para algunas reformas a la carta de organización de los Estados Americanos/Hugo Llanos Mansilla Las comunidades europeas frente al derecho internacional público/Claudio Bonnefoy Algunos aspectos institucionales de ALALC/Luis Winter Igualt Observancia del principio de no intervención en el mundo contemporáneo/Sergio Carrasco D. El derecho económico/Óscar Aramayo A. Algunas ideas en torno a la integración de América Latina/Hernán González Aninat Notas para un estudio de procedimiento administrativo/Rolando Pantoja Bauzá Sobre el principio de gratuidad en la administración de justicia/Derecho Procesal Universidad de Concepción Privilegio de pobreza/Derecho Procesal Universidad de Concepción Sobre intervención activa del juez en la dirección del proceso/Derecho Procesal Universidad de Concepción Juicio de quiebra/Derecho Procesal Universidad de Concepción Algunas consideraciones sobre la justicia de mínima cuantía/Jaime del Valle y Manuel Ravest Proyecto de reforma del Código de Procedimiento Penal/Edmundo Pottstock | ||
| 518 | |p Jornadas Chilenas de Derecho Público, 4, Santiago, 1965 | ||
| 536 | |a Pontificia Universidad Católica de Chile | ||
| 546 | |a En Español | ||
| 583 | |a last modification |c 19960809 00:00:00 |k Rodrigo Vera | ||
| 650 | 0 | 0 | |a Derecho público |9 255910 |
| 650 | 0 | 0 | |a Derecho administrativo |9 254851 |
| 650 | 0 | 7 | |a DERECHO PENAL |2 CL-VaPUC |9 11 |
| 650 | 0 | 7 | |a DERECHO INTERNACIONAL PUBLICO |2 CL-VaPUC |9 617950 |
| 650 | 0 | 0 | |a Derecho internacional |9 255637 |
| 650 | 0 | 0 | |a Economía |9 255568 |
| 650 | 0 | 0 | |a Poder judicial |9 254871 |
| 650 | 0 | 0 | |a Tributación |9 258429 |
| 650 | 0 | 0 | |a Congresos |9 257560 |
| 942 | |c BK |2 ddc | ||
| 945 | |a nastorga |d 19960809 00:00:00 | ||
| 952 | |0 0 |1 0 |4 0 |6 342_830000000000000_JOR_1966 |7 0 |8 A |9 504552 |a BIBDER |b BIBDER |d 2020-01-23 |i 3219895 |o 342.83 JOR 1966 |p 3219895 |r 2023-01-25 |w 2020-01-23 |y BK |k DER | ||
| 952 | |0 0 |1 0 |4 0 |6 342_830000000000000_JOR_1966 |7 0 |8 A |9 504553 |a BIBDER |b BIBDER |d 2020-01-23 |i 1821776 |o 342.83 JOR 1966 |p 1821776 |r 2023-01-25 |w 2020-01-23 |y BK |k DER | ||
| 952 | |0 0 |1 0 |4 0 |6 342_830000000000000_JOR_1966 |7 0 |8 A |9 504554 |a BIBDER |b BIBDER |d 2020-01-23 |i 1821784 |o 342.83 JOR 1966 |p 1821784 |r 2023-01-25 |w 2020-01-23 |y BK |k DER | ||